000 00668nam a22002057a 4500
005 20251108173524.0
008 250721s9999 xx 000 0 ara d
082 1 4 _aط/923.173/محا
100 1 _aالمحامي، محمد كامل حسن
245 1 0 _aابراهام لنكولن /
264 1 _aبيروت :
_bالمكتب العالمي للطباعة و النشر و التوزيع،
300 _a117ص.
490 0 _aعباقرة خالدون
650 1 7 _aرؤساء الدول
650 1 7 _aالتراجم
650 1 7 _aالولايات المتحدة
653 _aناشئون كبار (15-18 سنة )
942 _2ddc
_cBK
999 _c105916
_d105916